00472naa a2200181 a 450000100080000000500110000800800410001910000170006024500430007726000090012065300100012965300120013965300140015165300160016570000180018170000210019977300700022010165862001-04-24 2001 bl uuuu u00u1 u #d1 aSOARES, M.P. aIntoxicacao por disofenol em caprinos. c2001 aCabra aCaprino aDisofenol aIntoxicacao1 aKARAM, F.S.C.1 aANDRADE, G.B.de. tCiencia Rural, Santa Mariagv.31, n.1, p.155-157, jan./fev. 2001.